Normal view
MARC view
- Nellis, J. G.
Entry Personal Name
001 - CONTROL NUMBER
- control field: 5556
003 - CONTROL NUMBER IDENTIFIER
- control field: NUST
005 - DATE AND TIME OF LATEST TRANSACTION
- control field: 20171019161912.0
008 - FIXED-LENGTH DATA ELEMENTS
- fixed length control field: 171019|| aca||aabn | a|a d
040 ## - CATALOGING SOURCE
- Original cataloging agency: NUST
- Transcribing agency: NUST
100 ## - HEADING--PERSONAL NAME
- Personal name: Nellis, J. G.
- Title of a work: Essence of business economics.
670 ## - SOURCE DATA FOUND
- Source citation: Work cat.: (NUST)0: Nellis, J. G. 5553, Principles of business economics /, c2002.
